MARC details
| 000 -LEADER |
| fixed length control field |
03467cam a2200421 i 4500 |
| 001 - CONTROL NUMBER |
| control field |
BRD2018029773 |
| 003 - CONTROL NUMBER IDENTIFIER |
| control field |
DLC |
| 005 - DATE AND TIME OF LATEST TRANSACTION |
| control field |
20240626182150.0 |
| 007 - PHYSICAL DESCRIPTION FIXED FIELD--GENERAL INFORMATION |
| fixed length control field |
t| |
| 008 - FIXED-LENGTH DATA ELEMENTS--GENERAL INFORMATION |
| fixed length control field |
180811s2019 nyua b 001 0deng c |
| 010 ## - LIBRARY OF CONGRESS CONTROL NUMBER |
| LC control number |
2018029773 |
| 020 ## - INTERNATIONAL STANDARD BOOK NUMBER |
| International Standard Book Number |
9780525520399 |
| Qualifying information |
alkaline paper |
| 020 ## - INTERNATIONAL STANDARD BOOK NUMBER |
| International Standard Book Number |
0525520392 |
| 035 ## - SYSTEM CONTROL NUMBER |
| System control number |
1205309 |
| 040 ## - CATALOGING SOURCE |
| Original cataloging agency |
LBSOR/DLC |
| Language of cataloging |
eng |
| Description conventions |
rda |
| Transcribing agency |
LBSOR |
| Modifying agency |
UtOrBLW |
| 042 ## - AUTHENTICATION CODE |
| Authentication code |
pcc |
| 043 ## - GEOGRAPHIC AREA CODE |
| Geographic area code |
e-uk-en |
| 100 1# - MAIN ENTRY--PERSONAL NAME |
| Personal name |
Harman, Claire, |
| Relator term |
author. |
| Authority record control number |
n 83006657 |
| -- |
http://id.loc.gov/authorities/names/n83006657. |
| Relator code |
aut. |
| 245 10 - TITLE STATEMENT |
| Title |
Murder by the book : |
| Remainder of title |
the crime that shocked Dickens's London / |
| Statement of responsibility, etc. |
Claire Harman. |
| 250 ## - EDITION STATEMENT |
| Edition statement |
First American edition. |
| 260 ## - PUBLICATION, DISTRIBUTION, ETC. (IMPRINT) |
| Place of publication, distribution, etc. |
New York : |
| Name of publisher, distributor, etc. |
Alfred A. Knopf, |
| Date of publication, distribution, etc. |
2019. |
| 264 #1 - PRODUCTION, PUBLICATION, DISTRIBUTION, MANUFACTURE, AND COPYRIGHT NOTICE |
| Place of production, publication, distribution, manufacture |
New York : |
| Name of producer, publisher, distributor, manufacturer |
Alfred A. Knopf, |
| Date of production, publication, distribution, manufacture, or copyright notice |
2019. |
| 300 ## - PHYSICAL DESCRIPTION |
| Extent |
250 pages : |
| Other physical details |
illustrations (some color) ; |
| Dimensions |
22 cm. |
| 336 ## - CONTENT TYPE |
| Content type term |
text |
| Source |
rdacontent |
| Content type code |
txt. |
| 337 ## - MEDIA TYPE |
| Media type term |
unmediated |
| Source |
rdamedia |
| Media type code |
n. |
| 338 ## - CARRIER TYPE |
| Carrier type term |
volume |
| Source |
rdacarrier |
| Carrier type code |
nc. |
| 500 ## - GENERAL NOTE |
| General note |
"This is a Borzoi Book." |
| 504 ## - BIBLIOGRAPHY, ETC. NOTE |
| Bibliography, etc |
Includes bibliographical references (pages 217-244) and index. |
| 505 0# - FORMATTED CONTENTS NOTE |
| Formatted contents note |
A last walk -- The crime -- This nightmare of a book -- The play -- The investigation -- The trial -- In the Stone Jug -- The execution -- The aftermath -- Postscript : unanswered questions. |
| 520 ## - SUMMARY, ETC. |
| Summary, etc. |
"From the prize-winning biographer--the fascinating, little-known story of a Victorian-era murder that rocked literary London, leading Charles Dickens, William Thackeray, and Queen Victoria herself to wonder: can a novel kill? In May 1840, Lord William Russell, well known in London's highest social circles, was found with his throat cut. The brutal murder had the whole city talking. The police suspected Russell's valet, Courvoisier, but the evidence was weak. And the missing clue lay in the unlikeliest place: what Courvoisier had been reading. In the years just before the murder, new printing methods had made books cheap and abundant, the novel form was on the rise, and suddenly everyone was reading. The best-selling titles were the most sensational true-crime stories. Even Dickens and Thackeray, both at the beginning of their careers, fell under the spell of these tales--Dickens publicly admiring them, Thackeray rejecting them. One such phenomenon was William Harrison Ainsworth's Jack Sheppard, the story of an unrepentant criminal who escaped the gallows time and again. When Courvoisier finally confessed his guilt, he would cite this novel in his defense. Murder By the Book combines the thrilling true-crime story with a illuminating account of the rise of the novel form and the battle for its early soul between the most famous writers of the time. It is a superbly researched, vividly written, fascinating read from first to last"-- |
| Assigning source |
Provided by publisher. |
| 600 10 - SUBJECT ADDED ENTRY--PERSONAL NAME |
| Personal name |
Courvoisier, Francois Benjamin, |
| Dates associated with a name |
-1840 |
| General subdivision |
Trials, litigation, etc. |
| Authority record control number |
n 87837733. |
| 600 10 - SUBJECT ADDED ENTRY--PERSONAL NAME |
| Personal name |
Russell, William, |
| Titles and other words associated with a name |
Lord, |
| Dates associated with a name |
1767-1840. |
| Authority record control number |
nb2009006405 |
| -- |
http://id.loc.gov/authorities/names/nb2009006405. |
| 600 10 - SUBJECT ADDED ENTRY--PERSONAL NAME |
| Personal name |
Ainsworth, William Harrison, |
| Dates associated with a name |
1805-1882. |
| Title of a work |
Jack Sheppard. |
| Authority record control number |
no2018115025 |
| -- |
http://id.loc.gov/authorities/names/no2018115025. |
| 650 #0 - SUBJECT ADDED ENTRY--TOPICAL TERM |
| Topical term or geographic name as entry element |
Murder |
| Geographic subdivision |
England |
| -- |
London |
| Authority record control number |
sh 88007395. |
| 650 #0 - SUBJECT ADDED ENTRY--TOPICAL TERM |
| Topical term or geographic name as entry element |
Murder in literature |
| Authority record control number |
sh 94006704 |
| -- |
http://id.loc.gov/authorities/subjects/sh94006704. |
| 776 08 - ADDITIONAL PHYSICAL FORM ENTRY |
| Relationship information |
Online version: |
| Main entry heading |
Harman, Claire, author. |
| Title |
Murder by the book |
| Edition |
First American edition. |
| Place, publisher, and date of publication |
New York : Alfred A. Knopf, 2019 |
| International Standard Book Number |
9780525520405 |
| Record control number |
(DLC) 2018043723. |
| 942 ## - ADDED ENTRY ELEMENTS (KOHA) |
| Koha item type |
Libro/Book |